| 000 | 00631nam a22002297a 4500 | ||
|---|---|---|---|
| 003 | OSt | ||
| 005 | 20140310182917.0 | ||
| 008 | 130129t xxu||||| |||| 00| 0 eng d | ||
| 020 | _a9710868500 | ||
| 050 |
_a PL6061 _b.A778 2009 |
||
| 082 |
_aFIL 808.0427 _bS6 2009 |
||
| 245 |
_aSining ng komunikasyon sa akademikong Filipino _c Arrogante, Jose A. |
||
| 260 |
_aMandaluyong City _bNational Book Store _c2007 |
||
| 300 |
_axxi, 425 p. _c22 cm. _bill. |
||
| 521 | _acollege students | ||
| 526 | _c1210L-1700L | ||
| 541 | _j1 | ||
| 541 | _j2 | ||
| 541 | _j3 | ||
| 562 | _e3 | ||
| 942 |
_2lcc _cBK _kFIL |
||
| 999 |
_c17310 _d17310 |
||